Nano od základu zmení výrobu

Symbol moderného priemyslu - dlhá výrobná linka, ktorú v r. 1913 zaviedol Henry Ford v továrni Highland Park. Inteligentné roboty nahrádzajúce ľudskú prácu pri monotónnych úkonoch. 3D tlačiarne - predmety nemusia vznikať len odoberaním materiálu ale aj jeho pridávaním (aditívna výroba). Štafetu preb...

Ausführliche Beschreibung

Gespeichert in:
Bibliographische Detailangaben
1. Verfasser: Jurina, Ľubomír
Format: Buchkapitel
Sprache:Slowakisch
Schlagworte:
Tags: Tag hinzufügen
Keine Tags, Fügen Sie das erste Tag hinzu!

MARC

LEADER 00000naa a2200000 4500
001 0205214
005 20231113103257.2
041 0 |a slo 
044 |a SK 
245 1 0 |a Nano od základu zmení výrobu  |c Ľubomír Jurina 
520 |a Symbol moderného priemyslu - dlhá výrobná linka, ktorú v r. 1913 zaviedol Henry Ford v továrni Highland Park. Inteligentné roboty nahrádzajúce ľudskú prácu pri monotónnych úkonoch. 3D tlačiarne - predmety nemusia vznikať len odoberaním materiálu ale aj jeho pridávaním (aditívna výroba). Štafetu preberajú nanotechnológie. Inšpirácie z prírody. Zrod nanoinžinierstva. Programovateľné materiály. Snaha vytvoriť "umelú hlinu" a skombinovať ju s elektronikou. 
610 2 0 |a nanotechnológie 
610 2 0 |a nanoveda 
610 2 0 |a pokrok technický 
100 1 |a Jurina, Ľubomír